Visionary Vision Discography - Statistics

General Stats
  • This quiz has been taken 3 times
  • The average score is 3 of 10
Answer Stats
Answer % Correct
Hit the Floor
100%
Choom
50%
Love Soseol
50%
Visual Virtue
50%
12 Rings
0%
Atmosphere
0%
Bionic Power
0%
Éclair
0%
Vision
0%
Visionary Vision
0%
No matching quizzes found
Score Distribution
Percent of People with Each Score
Percentile by Number Answered
Your Score History
You have not taken this quiz